Konvent dištriktu baňského

Bibliographic Details
Format: Article
Language:Slovak

MARC

LEADER 00000nab a2200000uu 4500
001 vtls011531446
003 SK-MaSNL
005 20260225180008.0
008 221107|1915 xo |||||||||||||||||slo|
015 |a SNBRB 
035 |a (urnnbn)urn:nbn:sk:snk:ar-a0915r 
035 |a (uuid)5d38a32a-701e-4540-8ddd-42823cddac12 
035 |a urn:nbn:sk:snk-abehdb 
040 |a SNKBUCL  |b slo  |c SNKBUCL  |e AACR2 
041 0 |a slo 
044 |a xo  |c SK 
245 0 0 |a Konvent dištriktu baňského 
773 0 |t Cirkevné listy : časopis venovaný záujmom cirkve evanjelickej a. v.  |g Roč. 29, č. 11-12 (1915), s. 303-305 
958 |a ONDV 
958 |a article21 
999 |c 1836321  |d 1838251